Statystyki dla zgadnij profesjonalnego gracza cs po opisie cz1

Kliknij tutaj aby rozwiązać quiz!

Ogólne statystyki

  • Ten quiz został rozwiązany 24 razy
  • Średni wynik to 13 z 15

Statystyki odpowiedzi

opisprofesjonalny gracz% Poprawnych
DOSŁOWNIE I W PRZENOŚNI WIELKI POLAKSNAX
100%
ENCE, 9INE, ENCE,HADES
95%
NAPNIJ BICA, JEDYNY POLAK W TOP20 HLTV 2013PASHABICEPS
95%
CZAPKA, POLAK, TERAZ TRENERTAZ
95%
ZNIENAWIDZONY, RUSEK, MŁODYDONK
90%
CS1.6, ZNANY JAKO TRENER, POLAKKUBEN
90%
GRAFITI, MOLOTOVOLOF
90%
GOAT CSGOS1MPLE
90%
NIE LUKAS TYLKO ŁUKASZ, IGLGLA1VE
85%
TIMINGISALL, NICE!!!KYLAR
85%
AWP, GRAFITI, BRAZYLIACOLDZERA
80%
UDERZANIE W KOMPUTER, IGLDEV1CE
80%
JEDYNY KTÓRY ZOSTAŁ Z LEGENDARNEGO(2021) NAVIB1T
75%
MŁODY, RUSEK, TOP20 HLTVM0NESY
65%
IGL, NA EMERYTURKE MÓWIĄKARRIGAN
60%

Rozkład punktacji

Percentyl według liczby udzielonych odpowiedzi

Procent ludzi z każdym wynikiem

Twoja historia wyników

Nie rozwiązałeś tego quizu